| 000 | 01018nam a22001817a 4500 | ||
|---|---|---|---|
| 003 | OSt | ||
| 005 | 20251201151220.0 | ||
| 008 | 251111b |||||||| |||| 00| 0 eng d | ||
| 040 | _cDCL | ||
| 082 | _a၂၉၄.၃၈၂၃၂၂ | ||
| 130 |
_aတိပိဋက။ _pသုတ္တန္တပိဋက။ _pမဇ္ဈိမနိကာယ။ _tမဇ္ဈိမပဏ္ဏာသ၊ _lပါဠိတော်၊ _sနိဿယ။ |
||
| 245 | _aမဇ္ဈိမပဏ္ဏာသ ပါဠိတော်နိဿယ။ | ||
| 264 |
_aရန်ကုန် ၊ _bသာသနာရေးဦးစီး၊ _c၂၉၆၂။ |
||
| 264 |
_aရန်ကုန် ၊ _bနိုင်ငံတော်ဗုဒ္ဓသာသနာအဖွဲ့၊ _c၁၉၆၂။ |
||
| 300 |
_aဃိ၊ ၄၂၄ စာမျက်နှာ ၊ _c၂၅ စင်တီ။ |
||
| 650 |
_aမဇ္ဈိမပဏ္ဏာသ _vပါဠိတော် နိဿယ။ |
||
| 942 |
_2ddc _cSHORT TERM _n0 |
||
| 999 |
_c2453 _d2453 |
||